000 00643cab a2200193 4500
001 ABS40072
008 090401t1988 xxu||||| |||| 00| 0 eng d
035 _a(Sirsi) u21235
041 _aeng
100 _aFenwick Elliott, R.
245 _aWho is responsible for a defect in your building
260 _c1988
350 _a0
490 _aProperty Director
_v(11) Winter 1988, 11(1)
520 _aLooks at who should pay for repairs, the contractor, the developer or the tenant in the light of the recent case D&F Estates v Church Commissioners .
690 _aBUILT ENVIRONMENT-BUILDING PATHOLOGY
942 _n0
948 _c04/03/1997
999 _c14254
_d14254